000 00895nas a2200301 4500
001 BR2016001554
003 BR-BrBNA
005 20231205130252.0
007 ta
008 230509b bl.|||p| |||| 00| 00por d
040 _aBR-BrBNA
_bpor
_cBiblioteca Nacional de Agricultura
041 _a(Pt)
072 _aQ52; Q54
100 1 _aBarbosa, H.P.
100 1 _aTrindade Neto, M.A. da
100 1 _aSordi, I.M.P. de
100 1 _aSoto, W.L.C.
245 1 _aCoeficientes de digestibilidade e valores energéticos de alguns alimentos para suínos
650 _aSUÍNO
650 _aNUTRIÇÃO ANIMAL
650 _aDIGESTIBILIDADE
650 _aMILHO
650 _aGELATINIZAÇÃO
650 _aSOJA
773 0 _tBoletim de Indústria Animal (Brazil)
_xISSN 0067-9615
_g(1999), v. 56(1) p. 47-52
_wBR2016001554
909 _a202311
_bLúcia
_c55
_dLúcia Elande
942 _2AGRIS
_n0
_cANA
999 _c248552
_d248552